000 01213nam0a22003611 4500
001 v19\rc\1424988
005 20230113160121.0
035 _a(NLR Aleph) 004565499
090 _a2331287
_c2331287
100 _a20060512d1885 |||y0rusy50 ca
101 1 _arus
_ceng
102 _aRU
105 _aa z |||||
200 1 _aМатерия и движение
_fКлерк Максуэлль
_gПер. с англ. М.А. Антоновича
210 _aСанкт-Петербург
_cЛ.Ф. Пантелеев
_d1885
215 _a[4], 156 с.
_cчерт.
_d17
532 1 3 _aМатерия и движение
700 1 _6z01790
_aМаксвелл
_bД. К.
_f1831-1879
_gДжемс Клерк
702 1 _aАнтонович
_bМ. А.
_f1835-1918
_gМаксим Алексеевич
_4730
790 0 _6z01700
_aКлерк Максуэлль
_f1831-1879
801 0 _aRU
_bNLR
_gpsbo
801 0 _aRU
_bRuMoRGB
_2psbo
801 1 _aRU
_bProSoft-M
_2rusmarc
852 _aNLR
_j18.162.4.55
852 _aNLR
_j128/4213
899 _aRuMoRGB
_jT 22/603
899 _aRuMoRGB
_jJ 62/199
899 _aБАН
899 _aНБ СПбГУ
899 _aНБ МГУ
942 _cBOOK
980 _aNB